| 000 | 00333nam a22001217a 4500 | ||
|---|---|---|---|
| 008 | 190314b xxu||||| |||| 00| 0 eng d | ||
| 041 | _aeng | ||
| 080 | _a043.3 | ||
| 100 | _a0 | ||
| 101 | _aSHKI-BA | ||
| 245 |
_aAnaliza dhe Performanca e Rrjetit Kompjuterik ne Institucionet e Republikes se Kosoves _cTermkolli, B |
||
| 942 |
_2udc _cBK |
||
| 999 |
_c54798 _d54798 |
||